000 00362nam a2200157Ia 4500
003 Ost
005 20260225132554.0
008 260225s9999||||xx |||||||||||||| ||und||
040 _cfsic
041 _afre
082 _a440
100 _aRosa Issolah
_eAuteur
245 0 _aManagement des systèmes d'information /
245 0 _cRosa Issolah
942 _cكتاب
999 _c34327
_d34327